000 01247nam a22003617a 4500
003 CHAP
005 20220329134634.0
008 971013s1979 r 00010 d
010 _a23453
011 _a24425
035 _a28524
040 _cCHAP
082 _a632.95
_bC2
100 0 0 _aChemical Society. London.
_922114
245 _aChemistry and agriculture
_b: proceedings of a symposium...
260 _aLondon :
_bThe Chemical Society,
_c1979
300 _a289 p
490 _aSpecial publications
_v; 36
590 _aBATCH-UPD
_b10
_c20130110
_lUCH01
_h0939
590 _aBATCH-UPD
_b10
_c20130410
_lUCH01
_h0556
590 _aBATCH-UPD
_b10
_c20130914
_lUCH01
_h0922
590 _aCONVERSION
_b10
_c20130109
_lUCH01
_h1314
650 1 4 _aFertilizantes.
_940447
650 1 4 _aPesticidas.
_987536
650 1 4 _aQuímica agrícola.
_993576
830 0 _aSpecial publications
_v; 36
_9109156
901 _aBK
942 _cLIBRO
949 _a632.95 C2
_bBC
_cLIBRO
_d-65762
_eLIBRO
_fc.3
_h52696
_i28524
_si
949 _a632.95 C2
_bBC
_cLIBRO
_d33724000185211
_eLIBRO
_h52694
_i28524
_si
949 _a632.95 C2
_bBC
_cLIBRO
_d33724000185229
_eLIBRO
_fc.2
_h52695
_i28524
_si
949 _a632.95 C2
_bBC
_cLIBRO
_d33724000185237
_eLIBRO
_fc.4
_h69464
_i28524
_si
999 _c23453
_d23453